<?xml version="1.0" encoding="UTF-8"?>
<record
    xmlns:xsi="http://www.w3.org/2001/XMLSchema-instance"
    xsi:schemaLocation="http://www.loc.gov/MARC21/slim http://www.loc.gov/standards/marcxml/schema/MARC21slim.xsd"
    xmlns="http://www.loc.gov/MARC21/slim">

  <leader>00908nam a2200169   4500</leader>
  <controlfield tag="003">LK-CoMWRAF</controlfield>
  <controlfield tag="005">20240118134712.0</controlfield>
  <controlfield tag="008">231214b        |||||||| |||| 00| 0 eng d</controlfield>
  <datafield tag="040" ind1=" " ind2=" ">
    <subfield code="a">LK-CoMWRAF</subfield>
    <subfield code="d">LK-CoMWRAF</subfield>
    <subfield code="e">LK-CoMWRAF</subfield>
  </datafield>
  <datafield tag="041" ind1=" " ind2=" ">
    <subfield code="a">tam</subfield>
  </datafield>
  <datafield tag="082" ind1=" " ind2=" ">
    <subfield code="a">305.42</subfield>
    <subfield code="b">WAN</subfield>
  </datafield>
  <datafield tag="245" ind1=" " ind2=" ">
    <subfield code="a">21 &#xB86;&#xBAE;&#xBCD; &#xBA8;&#xBC2;&#xBB1;&#xBCD;&#xBB1;&#xBBE;&#xBA3;&#xBCD;&#xB9F;&#xBC1;&#xB95;&#xBCD;&#xB95;&#xBC1; &#xBAE;&#xBC1;&#xBA9;&#xBCD;&#xBA9;&#xBCB;&#xB95;&#xBCD;&#xB95;&#xBBF; : </subfield>
    <subfield code="b">&#xBAA;&#xBC6;&#xBAF;&#xBCD;&#xB9C;&#xBBF;&#xB99;&#xBCD; &#xBA4;&#xBBF;&#xB9F;&#xBCD;&#xB9F;&#xBA4;&#xBCD;&#xBA4;&#xBC8; &#xB9A;&#xBC6;&#xBAF;&#xBB2;&#xBCD;&#xBAA;&#xB9F;&#xBC1;&#xBA4;&#xBCD;&#xBA4;&#xBC1;&#xBB5;&#xBA4;&#xBB1;&#xBCD;&#xB95;&#xBBE;&#xBA9; &#xB92;&#xBB0;&#xBC1; &#xB95;&#xBC8;&#xBAF;&#xBC7;&#xB9F;&#xBC1;</subfield>
  </datafield>
  <datafield tag="246" ind1=" " ind2=" ">
    <subfield code="a">21 &#x100;m n&#x16B;&#x1E5F;&#x1E5F;&#x101;&#x1E47;&#x1E6D;ukku mu&#x1E49;&#x1E49;&#x14D;kki: Peyji&#x1E45; ti&#x1E6D;&#x1E6D;attai ceyalpa&#x1E6D;uttuvata&#x1E5F;k&#x101;&#x1E49;a oru kaiy&#x113;&#x1E6D;u</subfield>
  </datafield>
  <datafield tag="260" ind1=" " ind2=" ">
    <subfield code="a">&#xB95;&#xBCA;&#xBB4;&#xBC1;&#xBAE;&#xBCD;&#xBAA;&#xBC1; : </subfield>
    <subfield code="b">&#xB87;&#xBB2;&#xB99;&#xBCD;&#xB95;&#xBC8; &#xB85;&#xBB0;&#xB9A; &#xB9A;&#xBBE;&#xBB0;&#xBCD;&#xBAA;&#xBB1;&#xBCD;&#xBB1; &#xBAA;&#xBC6;&#xBA3;&#xBCD;&#xB95;&#xBB3;&#xBCD; &#xB85;&#xBAE;&#xBC8;&#xBAA;&#xBCD;&#xBAA;&#xBC1;&#xB95;&#xBB3;&#xBBF;&#xBA9;&#xBCD; &#xB9A;&#xB99;&#xBCD;&#xB95;&#xBAE;&#xBCD;,</subfield>
    <subfield code="c">1997</subfield>
  </datafield>
  <datafield tag="700" ind1=" " ind2=" ">
    <subfield code="a">&#xBB5;&#xBC6;&#xBA4;&#xBCD;&#xBA4;&#xB9A;&#xBBF;&#xB99;&#xBCD;&#xB95;, &#xB9A;&#xBBF;&#xBAA;&#xBBF;&#xBB2;&#xBCD;</subfield>
    <subfield code="e">ills.</subfield>
  </datafield>
  <datafield tag="942" ind1=" " ind2=" ">
    <subfield code="c">BK</subfield>
  </datafield>
  <datafield tag="952" ind1=" " ind2=" ">
    <subfield code="0">0</subfield>
    <subfield code="1">0</subfield>
    <subfield code="4">0</subfield>
    <subfield code="7">0</subfield>
    <subfield code="a">MAIN</subfield>
    <subfield code="b">MAIN</subfield>
    <subfield code="d">2023-12-14</subfield>
    <subfield code="l">0</subfield>
    <subfield code="o">305.42 WAN</subfield>
    <subfield code="p">RAF4852</subfield>
    <subfield code="r">2023-12-14</subfield>
    <subfield code="w">2023-12-14</subfield>
    <subfield code="y">BK</subfield>
  </datafield>
  <datafield tag="999" ind1=" " ind2=" ">
    <subfield code="c">4461</subfield>
    <subfield code="d">4461</subfield>
  </datafield>
</record>
